ՄԱՅՐ ԱԹՈՌ ՍՈՒՐԲ ԷՋՄԻԱԾԻՆ

«ՎԱՉԵ ԵՎ ԹԱՄԱՐ ՄԱՆՈՒԿՅԱՆ» ՄԱՏԵՆԱԴԱՐԱՆ

Апокалипсис Иоанна ։ (Record no. 62977)

MARC details
000 -LEADER
fixed length control field 00797nam a22002177a 4500
003 - CONTROL NUMBER IDENTIFIER
control field SEM
005 - DATE AND TIME OF LATEST TRANSACTION
control field 20240627164646.0
008 - FIXED-LENGTH DATA ELEMENTS--GENERAL INFORMATION
fixed length control field 240417m1991 ru ||||gr||||||01 1|rus|d
020 ## - INTERNATIONAL STANDARD BOOK NUMBER
International Standard Book Number 5-362-00818-8
040 ## - CATALOGING SOURCE
Original cataloging agency SEM
Transcribing agency SEM
041 ## - LANGUAGE CODE
Language code of text/sound track or separate title rus
082 ## - DEWEY DECIMAL CLASSIFICATION NUMBER
Classification number 228/Б-90
100 ## - MAIN ENTRY--PERSONAL NAME
Personal name Булгаков , Сергий
Dates associated with a name (1871-1944)
Titles and words associated with a name Прот.
245 ## - TITLE STATEMENT
Title Апокалипсис Иоанна ։
Remainder of title (Опыт догматического истолкования) /
Statement of responsibility, etc. С. прот. Булгаков ; Отв. за выпуск : Н. Антонова
260 ## - PUBLICATION, DISTRIBUTION, ETC.
Place of publication, distribution, etc. Москва :
Name of publisher, distributor, etc. ,,Отрада и утешение'',
Date of publication, distribution, etc. 1991.
300 ## - PHYSICAL DESCRIPTION
Extent 351 с. ;
Dimensions 22 см
650 ## - SUBJECT ADDED ENTRY--TOPICAL TERM
Topical term or geographic name entry element Апокалипсис
653 ## - INDEX TERM--UNCONTROLLED
Uncontrolled term ՍԷՄ
700 ## - ADDED ENTRY--PERSONAL NAME
Personal name Антонова, Н.
Relator term отв. за выпуск
942 ## - ADDED ENTRY ELEMENTS (KOHA)
Source of classification or shelving scheme Dewey Decimal Classification
Koha item type Գրքեր/Books
Holdings
Withdrawn status Lost status Source of classification or shelving scheme Damaged status Not for loan Collection code Home library Current library Date acquired Cost, normal purchase price Inventory number Total Checkouts Full call number Barcode Date last seen Price effective from Koha item type Public note
    Dewey Decimal Classification     Գրապահոց Մայր Աթոռ Սուրբ Էջմիածին «Վաչե և Թամար Մանուկյան» Մատենադարան Մայր Աթոռ Սուրբ Էջմիածին «Վաչե և Թամար Մանուկյան» Մատենադարան 17/04/2024 1800.00 Рус-7560   228/Б-90 Рус-7560 17/04/2024 17/04/2024 Գրքեր/Books Սպասարկվում է ընթերցասրահ